000 00375nam a2200169Ia 4500
003 0STCL
008 150530s9999 xx 000 0 und d
040 _aSTCL
_cSTCL
100 _aKrishna Shobti
245 _aZindaginama
260 _bRajkamal Prakashan; Delhi
_c1979
300 _a0
546 _aHindi
942 _2ddc
_cBK
999 _c64778
_d64778
005 20220125171252.0